Statistics for What I've Done - Linkin Park - All Lyrics

Click here to take the quiz!

General Stats

  • This quiz has been taken 68 times
  • The average score is 117 of 153

Answer Stats

Answer% Correct
done
100%
done,
100%
I
100%
I've
100%
What
100%
what
100%
a
93%
the
93%
myself
91%
and
89%
And
89%
go
88%
me
88%
no
88%
So
84%
there's
84%
to
84%
away
82%
this
82%
let
81%
wash
81%
come
79%
come,
79%
For
79%
of
79%
blood,
77%
In
77%
mercy
77%
face
75%
become,
72%
farewell
72%
thousand
72%
alibi
70%
from
70%
I'll
70%
regret
70%
truth
68%
out
65%
you
65%
'Cause
63%
lies
63%
cross
61%
erase
61%
drawn
54%
thought
54%
again
53%
Forgiving
53%
forgiving
53%
I'm
51%
start
51%
with
51%
clean
49%
ends
49%
hands
49%
today
49%
uncertainty
47%
may
46%
pain
44%
slate
44%
whatever
44%
na, na,
42%
na-na,
42%
na, na)
42%
(Na-na, na,
42%
na, na-na,
42%
na-na, na)
42%
rest
42%
Put
40%
While
39%

Score Distribution

Percentile by Number Answered

Percent of People with Each Score

Your Score History

You have not taken this quiz